000 00317nam a22001217a 4500
008 160504b xxu||||| |||| 00| 0 eng d
020 _a9780314036469
020 _a0314036466
041 _aeng
080 _a612.39
245 _aNutrition concepts and controersies;
_cFrances Sizer ; Eleanor Whitney;
942 _2udc
_cBK
999 _c1787
_d1787